| 000 | 00922nam a2200253Ia 4500 | ||
|---|---|---|---|
| 001 | 880 | ||
| 003 | GE_BSU | ||
| 008 | 181216s||||||||xx |||||||||||||| ||und|| | ||
| 020 | _a5891239183 | ||
| 040 | _cGE_BSU | ||
| 080 | _a341(4)(075.8) | ||
| 245 | _aЕвропейское право. Право Европейского союза и правовое обеспечение защиты прав человека | ||
| 245 | _bУч-к для вузов | ||
| 245 | _cРуков.автор коллектива и отв.ред. Л.М. Энтин | ||
| 250 | _a2-е,доп. | ||
| 260 | _aМосква | ||
| 260 | _bНорма | ||
| 260 | _c2007 | ||
| 300 | _a939стр. | ||
| 541 | _h20л. | ||
| 653 | _aЕвропейское право. Право Европейского союза и правовое обеспечение защиты прав человека | ||
| 653 | _aПраво | ||
| 942 | _cBK | ||
| 999 |
_c35041 _d35041 |
||